Aktuálne problémy európskej integrácie, vplyv na výkonnosť jednotlivých členských štátov diplomová práca

Uložené v:
Podrobná bibliografia
Hlavný autor: Leško, Peter, 1989-
Korporativný autor: Národohospodárska fakulta EU. Katedra hospodárskej politiky
Ďalší autori: Veselovská, Stanislava, 1957-
Médium: Kniha
Jazyk:Slovak
Vydavateľské údaje: Bratislava 2013
Tagy: Pridať tag
Žiadne tagy, Buďte prvý, kto otaguje tento záznam!

MARC

LEADER 00000nbm a2200000 4500
001 0170500
005 20161109102350.0
041 0 |a slo 
044 |a SK 
245 1 0 |a Aktuálne problémy európskej integrácie, vplyv na výkonnosť jednotlivých členských štátov  |b diplomová práca  |c Peter Leško ; školiteľ: Stanislava Veselovská 
264 1 |a Bratislava  |c 2013 
300 |a 68 s. 
100 1 |a Leško, Peter, 1989- 
700 1 |a Veselovská, Stanislava, 1957- 
710 2 |a Národohospodárska fakulta EU. Katedra hospodárskej politiky